[Event "Hoogovens op"]
[Site "Wijk aan Zee"]
[Date "1993.01.??"]
[Round "2"]
[White "Van der Werf, Mark"]
[Black "Hansen, Lars Bo"]
[Result "0-1"]
[WhiteElo "2395"]
[BlackElo "2545"]
[Annotator "Hansen,LB"]
[PlyCount "102"]
[EventDate "1993.01.??"]
[EventType "swiss"]
[EventRounds "12"]
[EventCountry "NED"]
[SourceTitle "CBM 034"]
[Source "ChessBase"]
[SourceDate "1993.06.01"]
[SourceVersion "1"]
[SourceVersionDate "1993.06.01"]
[SourceQuality "1"]

1. e4 e6 2. d4 d5 3. e5 c5 4. c3 Nc6 5. Nf3 Bd7 6. Be2 Nge7 7. Na3 (7. O-O)
7... cxd4 8. cxd4 Nf5 9. Nc2 Qb6 $6 (9... Nb4 10. O-O Nxc2 11. Qxc2 h5 12. Bd2
Be7 13. Bd3 $14 {Sveshnikov-Dreev,St.Petersburg zt 1993}) (9... Qa5+ $6 10. Bd2
Qb6 11. Bc3 Nb4 12. Ne3 $1 Nxe3 13. fxe3 Bb5 14. O-O Bxe2 15. Qxe2 $14 {
Mortensen-Heine Nielsen,Tonder (DK-ch)1993}) (9... h5 $5 10. O-O Be7 11. Ne3 g5
12. Nxf5 exf5 13. h4 g4 14. Ng5 Qb6 15. Be3 f4 16. Bxf4 Qxd4 17. Qc1 Rc8 18.
Rd1 Qb6 19. Qd2 Be6 $13 {Dolmatov-Hertneck,Tilburg 1992 rapid}) (9... Rc8 10.
O-O Qb6 11. Qd3 $6 (11. g4) 11... a6 $1 12. g4 Nfe7 13. Nfe1 Ng6 14. f4 $2 (14.
Qe3 Be7 15. f4 f6 $1 $132 {Knaak}) 14... Nxd4 $1 15. Nxd4 Bb5 16. Qb3 Qxd4+ 17.
Be3 Qxe3+ 18. Qxe3 Bc5 $17 {Galdunts-Knaak,Dortmund open 1992}) 10. O-O Na5 11.
g4 Ne7 12. Nfe1 Bb5 13. Nd3 h5 $5 14. b4 $5 $146 (14. gxh5 Nf5 15. Be3 Nc4 16.
a4 Ncxe3 17. fxe3 Bc4 18. Nf4 Bb3 19. Bb5+ Kd8 $13 {Sveshnikov-Dolmatov,
Naberezhnie Chelni 1988}) 14... Nac6 (14... Nc4 $2 15. a4 $16 {X Bb5}) 15. a4
Bc4 $1 16. a5 Qc7 (16... Qd8 $5 17. Nc5 Bxe2 18. Qxe2 Qc7 19. a6 $1 b6 20. Nb7
$5 $13) 17. gxh5 Nf5 (17... Bb3 18. Be3 Nf5 (18... Nxd4 $6 19. Bxd4 Bxc2 20.
Qc1 $16)) 18. Be3 Bb3 19. Qb1 $1 Bxc2 20. Qxc2 Qd8 21. Nc5 $2 (21. Qa4 $1 Nxe3
(21... Qd7 22. b5) 22. fxe3 Qg5+ 23. Kh1 Qxe3 24. a6 $1 Qxe2 25. axb7 (25. Rae1
$6 Qxd3 (25... Qxh5 $6 26. Rf2 $1 $18) 26. axb7 Rb8 27. Qxc6+ Kd8 28. Rxf7 Be7
$1 29. Qxe6 (29. Rxe7 Qf3+ $10) 29... Rxb7 30. Qxd5+ Kc8 $1 $13) 25... Qe4+ 26.
Kg1 Qg4+ 27. Kf2 Qxd4+ (27... Qh4+ 28. Ke2 Qxh2+ 29. Rf2 Qxh5+ 30. Rf3 Rb8 31.
Qxc6+ Kd8 32. Rc1 $1 Qh2+ 33. Nf2 $18) 28. Ke2 (28. Kg3 $5 Rb8 (28... Qxd3+ 29.
Rf3 $18) (28... Qe3+ 29. Rf3 Qg5+ 30. Kf2 Qd2+ (30... Qh4+ 31. Kf1 $18) 31. Kf1
$18) 29. Qxc6+ Kd8 30. Rac1 $1 Qe3+ (30... Qxd3+ 31. Rf3 $18) 31. Rf3 Qg5+ 32.
Kf2 Qd2+ 33. Kf1 $18) 28... Qe4+ 29. Kd2 Bxb4+ $5 (29... Rb8 30. Qxc6+ Kd8 31.
Rxf7 $1 Bxb4+ 32. Nxb4 Qxb4+ 33. Kc2 $1 Qe4+ 34. Kb3 Qd3+ 35. Kb4 Qd4+ 36. Kb5
$1 Qb2+ 37. Kc5 Qc3+ 38. Kd6 $1 Qb4+ 39. Qc5 Rxb7 (39... Qxc5+ 40. Kxc5 $18)
40. Qxb4 Rxb4 41. Raxa7 $18) (29... Qg2+ 30. Rf2 (30. Kc3 $2 d4+ 31. Kb3 Rb8
$17) 30... Qg5+ 31. Kc2 Rb8 32. Qxc6+ Kd8 33. Rxf7 Be7 34. Nf4 $18) 30. Nxb4 (
30. Qxb4 $4 Qxd3+ $1 $19) (30. Kc2 $2 Qe2+ $19) 30... Qg2+ (30... Qd4+ $2 31.
Nd3 $18) 31. Kc3 $1 (31. Ke1 Qe4+ 32. Kd1 Qd4+ 33. Kc2 Qc4+ 34. Kd2 Rb8 $1 35.
Nxc6 Rxb7 $1 (35... Qxa4 36. Rxa4 Rxb7 37. Rh4 $1 $16) 36. Qxc4 (36. Nb4+ $2
Kf8 $36) 36... dxc4 37. Rg1 f6 $1 $14) 31... d4+ 32. Kd3 $1 (32. Kb3 Rb8 $1 33.
Qxc6+ (33. Nxc6 $6 Rxb7+ 34. Nb4+ Kf8 $40) 33... Qxc6 34. Nxc6 Rxb7+ 35. Kc4
Rxh5 $14) (32. Kc4 Qe2+ 33. Kb3 (33. Kc5 $2 Qxe5+ 34. Kxc6 $2 Rd8 $19) (33. Nd3
O-O $1 34. bxa8=Q (34. Qxc6 $2 Qc2+) 34... Nxe5+ 35. Kxd4 Qxd3+ 36. Kxe5 Rxa8
$132) 33... Qe3+ 34. Ka2 (34. Kb2 $2 Qc3+) 34... O-O $1 35. bxa8=Q (35. Qxc6
Rab8) 35... Nxb4+ 36. Qxb4 Qe2+ $1 37. Kb3 Qd3+ $132) 32... Qh3+ (32... O-O 33.
Qxc6 $1 Qh3+ 34. Rf3 $18) (32... Rb8 $5 33. Nxc6 Rxb7) 33. Kc4 $1 (33. Kd2 Qc3+
34. Kd1 (34. Ke2 Rb8 35. Nxc6 Qe3+) 34... Rb8 35. Qxc6+ (35. Nxc6 Qd3+) 35...
Qxc6 36. Nxc6 Rxb7 $14) (33. Ke2 Qxh5+) 33... Qc3+ 34. Kb5 {Is White really
winning in this crazy position?The analysis indicates so!} Rb8 35. Nxc6 Rxb7+
36. Ka6 Rb6+ (36... Qc5 37. Kxb7 $1 Qb6+ 38. Kc8 O-O+ 39. Kd7 $18) 37. Kxa7
Qxc6 (37... Rxc6 38. Rfc1 $18) (37... Qc5 38. Rfc1 $18) 38. Qxc6+ Rxc6 39. Kb7
$3 $18) 21... Bxc5 22. Qxc5 Rc8 23. Qb5 $6 (23. Rac1 a6 $1 (23... Ncxd4 $2 24.
Bb5+) 24. b5 axb5 (24... Ncxd4 $6 25. Qxc8 Nxe2+ 26. Kh1 Nxc1 27. Rxc1 O-O 28.
Qxd8 Rxd8 29. Rc7 $16) 25. Qxb5 (25. Bxb5 $2 Rxh5 {/\ Qh4}) 25... O-O $15)
23... O-O $17 {X d4;Kg1} 24. Rad1 Qe7 25. Kh1 Qh4 $1 {/\ Qe4;Nh4} 26. Bf3 $8
Ncxd4 27. Bxd4 Nxd4 28. Qd3 Rc4 $1 29. Rg1 Nf5 30. Qe2 Rfc8 31. Rg4 $138 Rxg4
32. Bxg4 Nh6 33. Bf3 $6 (33. h3 Rc4 $17) 33... Qxb4 $19 34. Rg1 Qf4 $6 $138 (
34... Qxa5 35. Qe3 Qc3 $1 $19) 35. Qe3 Qxe3 36. fxe3 Rc3 37. Rb1 Rxe3 38. Kg2
Ra3 39. Rxb7 Ra2+ 40. Kg3 Rxa5 $19 41. Bd1 (41. Rb8+ Kh7 42. Bd1 g5 $1 $19)
41... Kf8 42. Bc2 Ra3+ 43. Kf4 a5 44. Ra7 Rh3 45. Bd1 Rh4+ $1 46. Kg3 Re4 47.
Ra8+ Ke7 48. Ra7+ Kd8 49. Rxa5 Rxe5 50. Ra7 Re4 51. Kf3 Rc4 {/\ Rc7} 0-1

[Event "Altensteig"]
[Site "Altensteig"]
[Date "1994.??.??"]
[Round "6"]
[White "Zvjaginsev, Vadim"]
[Black "Hug, Werner"]
[Result "1-0"]
[WhiteElo "2585"]
[BlackElo "2445"]
[Annotator "Hansen,LB"]
[PlyCount "159"]
[EventDate "1994.08.??"]
[EventType "tourn"]
[EventRounds "11"]
[EventCountry "GER"]
[EventCategory "12"]
[SourceTitle "CBM 043"]
[Source "ChessBase"]
[SourceDate "1994.12.01"]
[SourceVersion "1"]
[SourceVersionDate "1994.12.01"]
[SourceQuality "1"]

1. e4 e6 2. d4 d5 3. e5 c5 4. c3 Nc6 5. Nf3 Nge7 $5 6. Na3 (6. a3 a5 7. Bd3
cxd4 8. cxd4 Nf5 9. Be3 Be7 10. Nc3 g6 11. O-O Bd7 12. Rc1 $14 {Masserey,Y-Hug,
W/Horgen SKA/1994/}) (6. Bd3 cxd4 7. cxd4 Nf5 8. Bxf5 exf5 9. Nc3 Be6 10. Ne2
Be7 11. h4 h6 12. h5 Qb6 13. Nf4 Rc8 $13 {Kharlov,A-Kuporosov,V/Helsinki op/
1992/}) 6... cxd4 7. cxd4 Nf5 8. Nc2 Nb4 $5 (8... Qb6 9. Be2 Bb4+ 10. Kf1 Be7
11. h4 h5 $13 {Hansen,LB-Gdanski,J/Polanica Zdroj/1993/}) 9. Ne3 $5 Qc7 (9...
Nxe3 10. Bxe3 $14) 10. Bb5+ Bd7 11. Bxd7+ Qxd7 12. Nxf5 exf5 13. O-O Nc6 (13...
Be7 $5) 14. Re1 Be7 (14... h6 $5) 15. Bg5 $1 O-O 16. Bxe7 Qxe7 17. Rc1 $14 {
x d5,f5} Rac8 18. Qb3 Qd7 19. Qa3 Qe7 20. Qd3 Qd7 21. h3 h6 22. Qa3 Qe7 23. Qb3
Qd7 24. Rc3 $1 Na5 25. Qb4 Rxc3 26. Qxc3 Nc6 27. Qa3 Rc8 28. Re3 b6 29. Rc3 Ne7
30. Ne1 $1 Rxc3 $6 (30... Ng6 $14 {Ng6-f8-e6}) 31. bxc3 $1 $16 f4 32. Qd6 $1
Qxd6 33. exd6 Nc6 34. Nd3 g5 35. d7 $1 a5 $8 (35... Kf8 36. Nb4 Nd8 37. Nxd5
$18) 36. c4 $1 dxc4 37. Ne5 Nd8 38. Nxc4 Kf8 39. Nxb6 Ke7 40. d5 Nb7 41. Kf1
Kd6 42. Nc4+ Kxd7 (42... Kxd5 $2 43. Nxa5 $18) 43. Ke2 Nc5 44. f3 Na6 45. Kd3
Nb4+ 46. Kd4 Nxa2 47. Nxa5 $16 Nb4 48. Nc4 f6 49. Nd2 Nc2+ 50. Kc5 Ne3 51. Ne4
f5 $6 (51... Nxg2 52. Nxf6+ Kd8 53. Ng4 Ne1 54. Ne5 $16) 52. Nf6+ Kd8 53. Ng8
h5 (53... Nxg2 54. Nxh6 $18) 54. Kc6 Nc4 $8 (54... Nxg2 $2 55. d6 g4 56. Nh6
$18) 55. Nh6 g4 56. d6 Ne5+ $8 57. Kd5 gxf3 $5 58. Kxe5 $3 fxg2 59. Ke6 $1 g1=Q
60. Nf7+ Kc8 61. d7+ Kb7 62. d8=Q $16 Qe3+ 63. Kd7 $1 Ka6 (63... Qxh3 $2 64.
Nd6+ Ka6 (64... Ka7 65. Qa5+ Kb8 66. Qb6+ $18) 65. Qa8+ Kb6 66. Qc6+ $18) 64.
Nd6 Qe2 65. Qa8+ Kb6 66. Qd5 $1 Ka6 67. Kc7 $1 Qe7+ 68. Kc6 Qe2 69. Qc4+ $18
Qxc4+ 70. Nxc4 f3 71. Nd2 f2 72. h4 $22 Ka5 73. Kc5 Ka4 74. Kd4 Kb4 75. Nf1 Kb3
76. Ke5 Kc2 77. Kxf5 Kd3 78. Kg5 Ke4 79. Kxh5 Kf5 80. Nd2 $22 (80. Nd2 Kf6 (
80... Kf4 81. Kg6 Ke3 82. Nf1+ Ke2 83. Nh2 $18) 81. Kg4 Kg6 82. Nf1 Kh6 83. Ng3
Kg6 84. Kf3 $18) 1-0

[Event "St Petersburg zt"]
[Site "St Petersburg"]
[Date "1993.??.??"]
[Round "7"]
[White "Sveshnikov, Evgeny"]
[Black "Dreev, Alexey"]
[Result "1-0"]
[WhiteElo "2555"]
[BlackElo "2560"]
[Annotator "Hansen,LB"]
[PlyCount "77"]
[EventDate "1993.01.??"]
[EventType "swiss"]
[EventRounds "9"]
[EventCountry "RUS"]
[SourceTitle "CBM 034"]
[Source "ChessBase"]
[SourceDate "1993.06.01"]
[SourceVersion "1"]
[SourceVersionDate "1993.06.01"]
[SourceQuality "1"]

1. e4 {Chekhov} e6 2. d4 d5 3. e5 c5 4. c3 Nc6 5. Nf3 Bd7 6. Be2 Nge7 7. Na3 (
7. O-O {Chekhov}) 7... cxd4 8. cxd4 Nf5 9. Nc2 Nb4 (9... Qb6 {Chekhov} 10. O-O
a5 (10... Rc8 11. g4 Nfe7 12. Nh4 Nb4 13. Nxb4 Qxb4 14. f4 Nc6 15. Be3 Be7 16.
Ng2 $14 {Sveshnikov,E-Ulibin/Podolsk/1992/}) (10... Na5 11. g4 Ne7 12. Nfe1 Bb5
13. Nd3 h5 14. b4 Nac6 15. a4 Bc4 16. a5 Qc7 17. gxh5 Nf5 18. Be3 Bb3 19. Qb1
Bxc2 20. Qxc2 Qd8 $13 {Van der Werf-Hansen,Cu/Wijk aan Zee op/1993/}) 11. g4
Nfe7 12. Nfe1 h5 $5 13. gxh5 Nf5 14. Be3 f6 15. Bd3 O-O-O $14 {Sveshnikov,
E-Razuvaev,Y/Moscow/1985/}) 10. O-O $5 $146 (10. Nxb4 Bxb4+ 11. Bd2 Qb6 $1 (
11... Qa5 $6 12. a3 $1 Bxd2+ 13. Qxd2 Qxd2+ 14. Kxd2 f6 15. Rac1 Ne7 16. b4 $14
{Anand-M.Gurevich,Manila izt 1990}) 12. Bxb4 Qxb4+ 13. Qd2 a5 $5 14. a3 Qb6 $1
15. O-O O-O 16. Rfc1 Rfc8 $10 {Friedman-Dreev,New York op 1991}) (10. Ne3 Rc8 (
10... Nxe3 {Chekhov} 11. fxe3 Be7 12. O-O O-O 13. Bd2 Qb6 $6 (13... a5 $1 $13)
14. a3 Nc6 15. b4 $14 {Sax,Gy-Brenninkmejer,J/Wijk aan Zee/1992/}) 11. O-O Qb6
12. Nxf5 exf5 13. Bd2 Be7 14. Qb3 Be6 15. a3 Nc6 16. Qxb6 axb6 $10 {
Westerinen-Dreev,Helsinki op 1992}) 10... Nxc2 11. Qxc2 h5 (11... Qb6 {Chekhov}
12. Qd3 a6 (12... Be7 13. a4 O-O 14. a5 Qc7 15. Bd2 a6 16. Rfc1 Bc6 17. Qb3 $14
{Sveshnikov,E-Nikolaev/Sibenik/1990/}) 13. Bd2 h5 $6 (13... Be7 $142) 14. a4 a5
15. Rfd1 Be7 16. h3 Rc8 17. Bc3 h4 18. Qd2 $16 {Sveshnikov,E-Zlotnik/Moscow/
1991/}) 12. Bd2 $1 Be7 $6 (12... Qb6 $5 13. Bc3 Bb5 $5 (13... Be7) 14. a4 $1
Bxe2 15. Qxe2 $14) (12... Rc8 13. Qb3 $14) 13. Bd3 $1 $14 Qb6 (13... g5 $6 14.
Bxf5 exf5 15. Rfc1 $16) (13... Rc8 {Chekhov} 14. Qb3 Qb6 15. Bxf5 exf5 $14) 14.
Bxf5 exf5 15. Bg5 $1 Bxg5 (15... Rc8 16. Qd2 Bb4 17. Qf4 $16) 16. Nxg5 Qxd4 (
16... Rc8 {Chekhov} 17. Qd2 Be6 18. Rac1 Kd7 $1 $14) 17. Rfd1 Qh4 (17... Qc4 $2
18. Qxc4 dxc4 19. Nxf7 $1) (17... Qf4 18. Nf3 $16) (17... Qb6 {Chekhov} 18.
Rxd5 Bc6 19. Rd6 $16) (17... Qb4 {Chekhov} 18. Rxd5 Qe7 19. Rad1 Bc6 20. Rd6
Qxg5 21. Rxc6 O-O 22. Rc7 $16) 18. Qd2 $1 $16 (18. Nf3 {Chekhov} Qe7 19. Rxd5
Be6 $10) 18... Qc4 (18... Be6 $2 19. f4 $1 $18 {/\ Qe3,g3,h3 X Qh4}) (18... Bc6
{Chekhov} 19. e6 f6 20. Nf7 O-O 21. Nd6 Rfd8 22. Nxf5 $16) (18... Rd8 {Chekhov}
19. f4 Bc6 20. Qe3 $1 $16) 19. Rac1 Qb5 (19... Qxa2 20. Rc7 $18 {->}) 20. a4 $1
Qb3 21. Rc3 Qb6 22. Qxd5 O-O $8 23. a5 $1 Qxb2 $8 24. Qf3 $1 $18 {/\ Rd7;Qh5}
g6 (24... Rfd8 25. Rcd3 $1 $18) (24... Be6 {Chekhov} 25. Qxh5 Rfd8 (25... Rfc8
26. Rh3) 26. Qh7+ Kf8 27. Qh8+ Ke7 28. Rc7+ $18) 25. Rxd7 Rac8 26. Rxc8 Rxc8
27. Rd1 Rc1 28. Qd5 $1 Rxd1+ 29. Qxd1 Qxe5 30. Qd8+ Kg7 31. Qh8+ $1 Kxh8 32.
Nxf7+ Kg7 33. Nxe5 Kf6 34. f4 g5 35. Kf2 gxf4 36. Nd3 b5 37. Nxf4 h4 38. Ke3
Ke5 39. Ng6+ 1-0

[Event "Copenhagen BSF"]
[Site "Copenhagen"]
[Date "1995.??.??"]
[Round "1"]
[White "Hansen, Lars Bo"]
[Black "Moskalenko, Viktor"]
[Result "1/2-1/2"]
[WhiteElo "2580"]
[BlackElo "2525"]
[Annotator "Hansen,LB"]
[PlyCount "108"]
[EventDate "1995.03.??"]
[EventType "tourn"]
[EventRounds "11"]
[EventCountry "DEN"]
[EventCategory "12"]
[SourceTitle "CBM 046"]
[Source "ChessBase"]
[SourceDate "1995.06.01"]
[SourceVersion "1"]
[SourceVersionDate "1995.06.01"]
[SourceQuality "1"]

1. e4 {Moskalenko} e6 2. d4 d5 3. e5 c5 4. c3 Nc6 5. Nf3 Nh6 $5 6. Bd3 cxd4 7.
cxd4 Nf5 8. Be3 $5 {An interesting alternative to 8.Bf5.} (8. Bxf5 exf5 9. Nc3)
8... Be7 9. Nc3 (9. O-O O-O 10. Nc3 Nxe3 11. fxe3 f5 12. exf6 Bxf6 13. Qc2 h6
14. Ne2 Bd7 15. Nf4 $14 {Bellon,J-Moles,E/Groningen/1968/}) 9... g5 $5 (9... a6
$5 {Moskalenko}) 10. h3 a6 (10... h5 $2 {Moskalenko} 11. Qd2 Rg8 12. g4 hxg4
13. hxg4 Nh4 14. Nxh4 gxh4 15. f3 $16) 11. Qd2 h6 12. Rc1 (12. g4 $5 {
Moskalenko}) 12... Kf8 13. g4 Nxe3 14. fxe3 Kg7 15. Qh2 $6 (15. O-O $14) 15...
Bd7 16. Kf2 (16. h4 $5 {Moskalenko}) 16... f6 $1 $132 17. exf6+ Bxf6 18. Kg2
Qe7 19. Rcf1 Raf8 20. Rf2 Be8 21. Rhf1 Rhg8 22. Qg3 Kh8 23. Nd2 Bg7 24. Rxf8
Rxf8 25. Rxf8+ Qxf8 $10 26. Nf3 Bf6 27. a3 Qe7 28. Bb1 (28. Qf2) 28... Kg8 29.
Qf2 Bg7 30. Qc2 Kf8 31. Na4 Na5 32. Nd2 Bxa4 33. Qxa4 Qc7 34. Qc2 Qxc2 35. Bxc2
e5 $1 36. dxe5 Bxe5 37. b4 $138 Nc6 (37... Nc4 $142 $1 $15 {Moskalenko}) 38.
Bb3 Bb2 39. Nb1 d4 40. exd4 Nxd4 41. Bd5 b6 42. Bb7 a5 43. bxa5 bxa5 44. a4 Nb3
45. Bd5 Nc5 46. Bc6 Ke7 47. Nd2 Kd6 48. Bb5 Kd5 49. Nc4 Bc3 50. Kf3 Ne6 (50...
Kd4 51. Ne3 $132) 51. Ne3+ Kc5 52. Ke4 Bd2 53. Nc4 Bc3 54. Ne3 Bd2 1/2-1/2

[Event "Farum op"]
[Site "Farum"]
[Date "1993.??.??"]
[Round "5"]
[White "Hansen, Lars Bo"]
[Black "Antonsen, Mikkel"]
[Result "1-0"]
[WhiteElo "2560"]
[BlackElo "2385"]
[Annotator "Hansen,LB"]
[PlyCount "63"]
[EventDate "1993.10.??"]
[EventType "swiss"]
[EventRounds "9"]
[EventCountry "DEN"]
[SourceTitle "CBM 037"]
[Source "ChessBase"]
[SourceDate "1993.12.01"]
[SourceVersion "1"]
[SourceVersionDate "1993.12.01"]
[SourceQuality "1"]

1. e4 e6 2. d4 d5 3. e5 c5 4. c3 Nc6 5. Nf3 Qb6 6. a3 Nh6 $5 7. b4 cxd4 8. cxd4
Nf5 9. Be3 $5 (9. Bb2) 9... f6 $1 10. Bd3 $1 (10. b5 Nxe5 $1 11. dxe5 Nxe3 12.
fxe3 Qxe3+ 13. Qe2 (13. Be2 $6 Bc5 $36) 13... Qc1+ 14. Qd1 (14. Kf2 Bc5+ 15.
Kg3 fxe5 16. Qxe5 O-O $17 {Knaak}) 14... Qe3+ 15. Qe2 Qc1+ {1/2;Sax,G-Romero
Holmes,A/Wijk/1992/}) 10... Nxe3 (10... fxe5 $6 11. Bxf5 exf5 12. dxe5 $16 {
Knaak}) 11. fxe3 fxe5 (11... f5 $14 {Knaak}) (11... Bd7 {Knaak} 12. exf6 gxf6
13. Nc3 Bh6 14. Qe2 O-O 15. O-O $14) 12. b5 $1 e4 13. bxc6 Bd6 $146 (13... exd3
14. Ne5 bxc6 15. Qh5+ g6 16. Nxg6 hxg6 17. Qxh8 Qc7 18. O-O Qg7 19. Qh4 $18 {
Prie,E-de la Villa Garcia/Leon/1991/}) (13... Be7 $5 {Antonsen}) (13... exf3
14. cxb7 Bxb7 15. O-O fxg2 (15... Bd6 16. Rxf3 $16) 16. Kxg2 Be7 17. Nd2 $16)
14. O-O O-O $8 15. Ng5 $1 h6 $8 (15... exd3 $6 16. Qh5 $18) (15... Rxf1+ $2 16.
Bxf1 $18) 16. Rxf8+ Bxf8 17. Nxe4 $1 dxe4 18. Bxe4 bxc6 19. Nd2 $18 {X Kg8;e6;
c6} Ba6 20. Qg4 Qb2 21. Rd1 Qxa3 22. Qxe6+ Kh8 23. Qg6 Kg8 24. Nf3 $1 Bd6 $5 $8
25. Qe6+ Kh8 (25... Kf8 26. Bg6 $18) 26. Nh4 $1 Qxe3+ 27. Kh1 Be2 28. Ng6+ Kh7
29. Qf5 Kg8 30. Qe6+ Kh7 31. Ne7+ Kh8 32. Qg6 (32. Qg6 Qxe4 33. Qxe4 Bxd1 34.
Ng6+ Kh7 (34... Kg8 35. Qe6+ $18) 35. Ne5+ Kg8 (35... Kh8 36. Nf7+ $18) 36.
Qxc6 Rd8 (36... Rf8 37. Qc4+ Kh7 (37... Kh8 38. Ng6+ $18) 38. Qd3+ $18) 37.
Qc4+ Kh7 $8 38. Qd3+ Kg8 $8 39. Qxd1 Bxe5 40. Qb3+ $18) 1-0

[Event "Moscow"]
[Site "Moscow"]
[Date "1994.??.??"]
[Round "14"]
[White "Zaitsev, Igor A"]
[Black "Lempert, Igor"]
[Result "1/2-1/2"]
[WhiteElo "2430"]
[BlackElo "2495"]
[Annotator "Hansen,LB"]
[PlyCount "48"]
[EventDate "1994.??.??"]
[EventType "tourn"]
[EventRounds "14"]
[EventCountry "RUS"]
[EventCategory "9"]
[SourceTitle "CBM 040"]
[Source "ChessBase"]
[SourceDate "1994.06.01"]
[SourceVersion "1"]
[SourceVersionDate "1994.06.01"]
[SourceQuality "1"]

1. e4 e6 2. d4 d5 3. e5 c5 4. c3 Nc6 5. Nf3 Qb6 6. a3 a5 $5 {An interesting
line,which in my opinion is underestimated by theory} 7. Bd3 Bd7 8. O-O cxd4 9.
cxd4 Nxd4 10. Nxd4 Qxd4 11. Nc3 (11. Qe2 Qb6 12. Nc3 Bc5 $1 13. Bd2 a4 $1 14.
Nb5 Ne7 15. Rac1 Bxb5 16. Bxb5+ Nc6 17. Bxc6+ bxc6 18. Qg4 Bf8 $1 19. Rc2 c5
$17 {Halasz-Soreghy,J/corr/1970/}) 11... Ne7 (11... Rc8 12. Qe2 Ne7 13. Kh1 Qh4
$5 14. f4 Nf5 $1 15. Bxf5 exf5 16. Nxd5 Bc5 17. Be3 O-O $14 {Velimirovic,
D-Ivkov,B/Titograd YU-ch/1965/}) (11... Qb6 12. Qg4 f5 13. exf6 $6 (13. Qg3 $44
) 13... Nxf6 14. Qg3 Be7 $1 15. Qxg7 Rg8 16. Qh6 Qd4 17. Rd1 Qg4 18. Bf1 Rg6
19. Qf4 Qh5 20. Be2 Qh3 21. Qf3 e5 $1 $17 {Steinberg,M-Shilov,Y/Kharkov/1967/})
(11... Nh6 12. Nb5 Qxe5 13. Re1 Qb8 14. Qf3 Bd6 15. Nxd6+ Qxd6 16. Bf4 Qe7 17.
Qg3 f6 {1/2;Zaitsev,I-Geller,E/Moskva/1982/}) 12. Nb5 (12. Qe2 Rc8 {->
Velimirovic-Ivkov,Titograd/1965/}) (12. Kh1 $5 {/\f4}) 12... Qxe5 13. Re1 Qb8
14. Qf3 Bxb5 $1 15. Bxb5+ Nc6 16. Qxd5 Qd6 $1 $146 (16... Bd6 $6 17. Bxc6+ bxc6
18. Qxc6+ Ke7 19. Bg5+ f6 20. Bh4 Re8 21. Rad1 Qc7 22. Qd5 Bxh2+ 23. Kh1 Kf8
24. Qh5 Be5 25. Qxh7 Kf7 26. Qh5+ Kg8 27. Rd3 $14 {Sattar,R-Rahman,T/Calcutta
op/1994/}) 17. Qc4 $1 (17. Qxd6 $2 Bxd6 $17) 17... Be7 (17... Qc5 18. Qa4) 18.
Bf4 Qc5 19. Qxc5 Bxc5 20. Rac1 Bd4 $1 21. Rxc6 $1 bxc6 22. Bxc6+ Ke7 23. Bxa8
Rxa8 $10 24. Be5 Bxe5 1/2-1/2